Statistics for Band Quiz:Bassists

Click here to take the quiz!

General Stats

  • This quiz has been taken 38 times
  • The average score is 12 of 30

Answer Stats

BassistsBand% Correct
Michael "Flea" BalzaryRed Hot Chili Peppers
86%
John DeaconQueen
84%
John Paul JonesLed Zeppelin
78%
Roger WatersPink Floyd
78%
Robert TrujilloMetallica
73%
Cliff BurtonMetallica
73%
Jason NewstedMetallica
73%
Duff McKaganGuns N' Roses
68%
Krist NovoselicNirvana
68%
Geddy LeeRush
68%
Geezer ButlerBlack Sabbath
65%
Ian "Lemmy" KilmisterMotörhead
62%
Roger GloverDeep Purple
38%
Pete WentzFall Out Boy
32%
Steve HarrisIron Maiden
32%
Peter HookNew Order
27%
Tim CommerfordRage Against the Machine
27%
Pino PalladinoThe Who
27%
David EllefsonMegadeth
22%
Les ClaypoolPrimus
22%
Chris SquireYes
22%
Phil LeshGrateful Dead
19%
Chris WolstenholmeMuse
19%
Jaco PastoriusWeather Report
19%
John MyungDream Theater
16%
Mark KingLevel 42
16%
Justin ChancellorTool
14%
Ben KenneyIncubus
5%
Mike WattMinutemen
5%
Stanley ClarkeReturn to Forever
0%

Score Distribution

Percentile by Number Answered

Percent of People with Each Score

Your Score History

You have not taken this quiz